Permata nilam biru
| Format: | Book |
|---|---|
| Published: |
Kuala Lumpur :
DBP ,
1992
|
| Subjects: |
MARC
| LEADER | 00000cam a2200000 7i4500 | ||
|---|---|---|---|
| 001 | 0000006590 | ||
| 002 | 000007108 | ||
| 005 | 20000330.0 | ||
| 020 | |a 9836209506 | ||
| 090 | 0 | 0 | |a JF |b PER |
| 245 | 0 | 0 | |a Permata nilam biru |c diselenggarakan oleh Othman Puteh |
| 260 | |a Kuala Lumpur : |b DBP , |c 1992 | ||
| 300 | |a 200p. ; |c 22cm. | ||
| 650 | 0 | 0 | |a Children's stories, Malay |
| 999 | |a 055270 |b BUKU |c PINJAMAN |e PERPUSTAKAAN KOMUNITI CAW KOTA DAMANSARA | ||